[Event "GRE-ch U14"]
[Site "Peristeri"]
[Date "2023.07.06"]
[Round "5"]
[White "Drivas, Georgios I"]
[Black "Stoimenidis, Markos"]
[Result "0-1"]
[WhiteElo "1424"]
[BlackElo "1224"]
[PlyCount "116"]
[EventDate "2023.07.03"]
[EventType "swiss"]
[EventRounds "9"]
[EventCountry "GRE"]
[SourceTitle "EXT 2024"]
[Source "ChessBase"]
[SourceDate "2023.10.10"]
[SourceVersion "1"]
[SourceVersionDate "2023.10.10"]
[SourceQuality "1"]

1. e4 e5 2. Nf3 Nc6 3. Bb5 a6 4. Ba4 Nf6 5. 0-0 Be7 6. c3 b5 7. Bc2 d6 8. h3 Nb8 9. d4 Nbd7 10. Re1 0-0 11. Nbd2 Re8 12. Nf1 Bf8 13. Ng3 g6 14. a4 Rb8 15. axb5 axb5 16. Be3 Bg7 17. Qd2 Nb6 18. b3 Qe7 19. Bh6 c5 20. Bxg7 Kxg7 21. Ra5 Bd7 22. dxe5 dxe5 23. Bd3 Ra8 24. Rea1 Qd6 25. Rxa8 Rxa8 26. Rxa8 Nxa8 27. Qe2 Nc7 28. Ne1 h5 29. Nc2 h4 30. Nf1 Nh5 31. Qf3 Nf4 32. Be2 Qa6 33. c4 Qa2 34. Bd1 bxc4 35. Qc3 Nce6 36. bxc4 Nd4 37. Kh2 Ba4 38. Nfe3 Bxc2 39. Nxc2 Qb1 40. Nxd4 cxd4 41. Qf3 Ne6 42. Kg1 Nc5 43. Qe2 Qxe4 44. Qxe4 Nxe4 45. f3 Nc5 46. Kf2 Kf6 47. Ke2 Kf5 48. Bc2+ Kf4 49. Kf2 f5 50. Ke2 e4 51. fxe4 fxe4 52. Kf2 e3+ 53. Ke2 g5 54. Bb1 g4 55. hxg4 Kxg4 56. Kf1 Kg3 57. Bg6 d3 58. Bh5 e2+ 0-1